The political ideas of rabindranath tagore (Record no. 570689)

MARC details
000 -LEADER
fixed length control field 00590nam a2200193Ia 4500
008 - FIXED-LENGTH DATA ELEMENTS--GENERAL INFORMATION
fixed length control field 250327s9999 xx 000 0 und d
020 ## - INTERNATIONAL STANDARD BOOK NUMBER
ISBN 9789353338015
Paper back/Hardbound pbk
041 ## - LANGUAGE CODE
Language code of text/sound track or separate title eng
082 ## - DEWEY DECIMAL CLASSIFICATION NUMBER
Classification number 320.954
Item number MUK
100 ## - MAIN ENTRY--AUTHOR NAME
Personal name Mukherjee, Subrata
245 #4 - TITLE STATEMENT
Title The political ideas of rabindranath tagore
Statement of responsibility, etc /Subrata Mukherjee
250 ## - EDITION STATEMENT
Edition statement First edition
260 ## - PUBLICATION, DISTRIBUTION, ETC. (IMPRINT)
Name of publisher Rupa publications india
Year of publication c2020
Place of publication New Delhi
300 ## - PHYSICAL DESCRIPTION
Number of Pages 246p
504 ## - BIBLIOGRAPHY, ETC. NOTE
Bibliography, etc Includes bibliographies and index
650 ## - SUBJECT ADDED ENTRY--TOPICAL TERM
Topical Term Political Science; Authors, Bengali 20th century Political and social views
942 ## - ADDED ENTRY ELEMENTS (KOHA)
Koha item type English Books
Holdings
Withdrawn status Lost status Damaged status Not for loan Home library Current library Shelving location Date acquired Cost, normal purchase price Full call number Accession Number Price effective from Koha item type
        Anna Centenary Library Anna Centenary Library 3RD FLOOR, B WING 28.11.2024 295.00 320.954 MUK 700701 28.11.2024 English Books

Find us on the map